The social organization of early industrial capitalism /

Bibliographic Details
Main Author: Katz, Michael B., 1939-2014
Other Authors: Doucet, Michael J., Stern, Mark J.
Format: Book
Language:English
Published: Cambridge, Mass. : Harvard University Press, 1982.
Subjects:

MARC

Tag First Indicator Second Indicator Subfields
LEADER 00000pam a2200000 a 4500
001 in00000081388
005 20151008061047.0
008 810831s1982 mau bs 00110 eng
010 |a  81007044  
020 |a 0674814452 
035 |a (OCoLC)07795609 
035 |9 AAJ7210AM 
040 |a DLC  |c DLC  |d TXA  |d UtOrBLW 
043 |a n------  |a n-cn--- 
049 |a TXAM  |c [1805291] 
050 0 0 |a HN110.H28  |b K38 1982 
082 0 |a 305.5/09713/52  |2 19 
100 1 |a Katz, Michael B.,  |d 1939-2014. 
245 1 4 |a The social organization of early industrial capitalism /  |c Michael B. Katz, Michael J. Doucet, Mark J. Stern. 
264 1 |a Cambridge, Mass. :  |b Harvard University Press,  |c 1982. 
300 |a xiii, 444 pages ;  |c 25 cm. 
336 |a text  |b txt  |2 rdacontent 
337 |a unmediated  |b n  |2 rdamedia 
338 |a volume  |b nc  |2 rdacarrier 
504 |a Includes bibliographical references and index. 
650 0 |a Social classes  |z Ontario  |z Hamilton. 
650 0 |a Families  |z Ontario  |z Hamilton. 
650 0 |a Urbanization  |z North America  |x Case studies. 
651 0 |a Hamilton (Ont.)  |x Social conditions. 
700 1 |a Doucet, Michael J. 
700 1 |a Stern, Mark J. 
999 |a MARS 
999 f f |s 92cb51aa-8949-3f95-9a8a-30bc2a40f235  |i d3941ff1-52eb-356e-9103-f5a88aec2e28  |t 0 
952 f f |p ric  |a Texas A&M University  |b Rellis Campus  |c Joint Library Facility  |d Remote Storage  |t 0  |e HN110.H28 K38 1982  |h Library of Congress classification  |i unmediated -- volume  |m A14806140724 
998 f f |a HN110.H28 K38 1982  |t 0  |l Remote Storage